Statistics for NBA Players who never won a championship

Click here to take the quiz!

General Stats

  • This quiz has been taken 55 times
    (38 since last reset)
  • The average score is 11 of 20

Answer Stats

PrimeAnswer% Correct
JazzJohn Stockton
89%
JazzKarl Malone
86%
Pelicans/Clippers/SunsChris Paul
83%
76ersAllen Iverson
77%
Rockets/NetsJames Harden
77%
ThunderRussell Westbrook
74%
RaptorsVince Carter
71%
SunsSteve Nash
69%
KnicksPatrick Ewing
66%
76ersCharles Barkley
63%
PacersReggie Miller
60%
HawksDominique Wilkins
57%
NuggetsNikola Jokic
51%
MagicTracy McGrady
46%
NuggetsAlex English
37%
LakersElgin Baylor
37%
SpursGeorge Gervin
31%
WarriorsChris Mullin
26%
JazzPete Maravich
20%
76ersDolph Schayes
11%

Score Distribution

Percentile by Number Answered

Percent of People with Each Score

Your Score History

You have not taken this quiz since the last reset